| 000 | 00671cam a22002291 4500 | ||
|---|---|---|---|
| 001 | sa 68012011 | ||
| 003 | DLC | ||
| 005 | 20260227112606.0 | ||
| 008 | 711115s1967 ii 00000 eng | ||
| 010 | _asa 68012011 //r832 | ||
| 025 | _aPL480:I-E-9721 | ||
| 043 | _aa-ii--- | ||
| 050 | 0 |
_aHV8025 _b.M24 |
|
| 082 | _a363.2/48/0954792 | ||
| 110 | 1 | 0 | _aMaharashtra (India) |
| 245 | 1 | 4 | _aThe Maharashtra State police dog squad manual. |
| 260 | 0 |
_aNagpur, _bGovt. Press, _c1967. |
|
| 300 |
_a41 p. _c21 cm. |
||
| 410 | 1 | 1 |
_aIts _tPublication _vno. 7 |
| 500 | _a"For departmental use only." | ||
| 650 | 0 |
_aPolice dogs _zIndia _zMaharashtra (State) _xHandbooks, manuals, etc. |
|
| 999 |
_c84242 _d84242 |
||